A+ certification training kit. (Record no. 2898)

MARC details
000 -LEADER
fixed length control field 00730nam a22002292 4500
001 - CONTROL NUMBER
control field 0000005056
005 - DATE AND TIME OF LATEST TRANSACTION
control field 20151217145822.0
008 - FIXED-LENGTH DATA ELEMENTS--GENERAL INFORMATION
fixed length control field 070606s xx 000 0 eng d
020 ## - INTERNATIONAL STANDARD BOOK NUMBER
International Standard Book Number 8120319478 :
Terms of availability KES 450
040 ## - CATALOGING SOURCE
Original cataloging agency KABU
Transcribing agency KABU
050 #0 - LIBRARY OF CONGRESS CALL NUMBER
Classification number QA76.3
Item number .M53 2001
110 2# - MAIN ENTRY--CORPORATE NAME
Corporate name or jurisdiction name as entry element Microsoft Corporation.
-- 0000019230
245 13 - TITLE STATEMENT
Title A+ certification training kit.
250 ## - EDITION STATEMENT
Edition statement 3rd ed.
260 ## - PUBLICATION, DISTRIBUTION, ETC. (IMPRINT)
Place of publication, distribution, etc. New Delhi :
Name of publisher, distributor, etc. Prentice Hall of India,
Date of publication, distribution, etc. 2001.
300 ## - PHYSICAL DESCRIPTION
Extent xxxi, 710 p.
650 #0 - SUBJECT ADDED ENTRY--TOPICAL TERM
Topical term or geographic name as entry element Electronic data processing personnel
General subdivision Certification.
-- 0000154258
650 #0 - SUBJECT ADDED ENTRY--TOPICAL TERM
Topical term or geographic name as entry element Computer technicians
General subdivision Certification
-- Study guide.
-- 0000156122
908 ## - PUT COMMAND PARAMETER (RLIN)
Put command parameter 070606
950 ## - LOCAL HOLDINGS (RLIN)
-- 1
Holdings
Withdrawn status Lost status Source of classification or shelving scheme Not for loan Home library Current library Date acquired Total Checkouts Full call number Barcode Date last seen Date last checked out Price effective from Koha item type
    Library of Congress Classification   Kabarak, Main Campus Kabarak, Main Campus 17/12/2015 1 QA76.3 .M53 2001 010543 07/08/2018 27/07/2018 17/12/2015 General Collection
Designed with assistance from East African Informatics Ltd